Electrotécnica práctica industrial / (Record no. 127594)

MARC details
000 -LEADER
campo de control de longitud fija 00502nam a2200169 4500
001 - NÚMERO DE CONTROL
campo de control 127594
003 - IDENTIFICADOR DE NÚMERO DE CONTROL
campo de control ES-MaACL
005 - FECHA Y HORA DE LA ÚLTIMA TRANSACCIÓN
campo de control 20230906193037.0
007 - CAMPO FIJO DE DESCRIPCIÓN FÍSICA--INFORMACIÓN GENERAL
campo de control de longitud fija t|
008 - DATOS DE LONGITUD FIJA--INFORMACIÓN GENERAL
campo de control de longitud fija 070214s1946 ag r ||||1| spa d
100 1# - ENTRADA PRINCIPAL--NOMBRE DE PERSONA
Nombre de persona Riu, Agustín.
9 (RLIN) 97498
245 10 - MENCIÓN DEL TÍTULO
Título Electrotécnica práctica industrial /
Mención de responsabilidad, etc. por Agustín Riu.
250 ## - MENCION DE EDICION
Mención de edición 1ª ed.
260 ## - PUBLICACIÓN, DISTRIBUCIÓN, ETC.
Lugar de publicación, distribución, etc. Buenos Aires :
Nombre del editor, distribuidor, etc. [s. n.],
Fecha de publicación, distribución, etc. 1946 (
Fabricante Tall. Gráf. Fanetti y Gasperini)
300 ## - DESCRIPCIÓN FÍSICA
Extensión 685 p. :
Otras características físicas il. ;
Dimensiones 21 cm.
852 ## - LOCALIZACIÓN
Ubicación ES-MaACL
Número de control de estantería C-4410
Sublocalización o colección R.24226
Holdings
Estatus retirado Estado de pérdida Estado de daño No para préstamo Biblioteca de origen Biblioteca actual Ubicación en estantería Fecha de adquisición Fuente de adquisición Total de préstamos Signatura topográfica completa Código de barras Visto por última vez Precio de reemplazo Tipo de ítem Koha
        Biblioteca del Ateneo de Madrid Biblioteca del Ateneo de Madrid Sala Palomar 17/01/2008     C-4410 1132894 23/02/2023 23/02/2023 Libro impreso